000 00632nam a2200277Ia 4500
005 20260324150940.0
008 008 260324s9999 xx 000 0 eng d
020 _a9781315641027
037 _aEBOOK
040 _aCRL
040 _beng
040 _cCRL
041 _2eng
041 _aeng
084 _qCRL
100 _aS.L. MacGregor Mathers
_91228194
245 4 _aThe Kabbalah Unveiled
260 _bTaylor and Francis
260 _c1926
365 _a
365 _b240
856 _uhttp://www.taylorfrancis.com/books/9781315641027
942 _cEBOOK
999 _c1838502
_d1838502